Statistics for Eurovision 2023--Possible Host Cities

Click here to take the quiz!

General Stats

  • This quiz has been taken 50 times
  • The average score is 6 of 7

Answer Stats

Answer% Correct
Liverpool
100%
Manchester
87%
Glasgow
85%
Birmingham
80%
Leeds
72%
Newcastle
70%
Sheffield
61%

Score Distribution

Percentile by Number Answered

Percent of People with Each Score

Your Score History

You have not taken this quiz